000 00525cam a22002171 4500
001 sa 64004678
003 DLC
005 20260227112027.0
008 890926s1962 ii 000 0 malo
010 _asa 64004678
035 _a(OCoLC)20398018
040 _aDLC
_cWaU
_dDLC
042 _apremarc
050 0 0 _aPL4718.9.K59
_bD4
100 2 _aKochunny Menon, M.
245 1 0 _aDēśīyōdgr̲athanaṃ.
260 _a[Trichur,
_c1962]
300 _axvii, 40 p.
_c18 cm.
500 _aIn Malayalam.
500 _aPoems.
999 _c58686
_d58686